Detalles MARC
| 000 -CABECERA |
| campo de control de longitud fija |
00989nam a2200229 a 4500 |
| 001 - NÚMERO DE CONTROL |
| campo de control |
000041566 |
| 005 - FECHA Y HORA DE LA ÚLTIMA TRANSACCIÓN |
| campo de control |
20201002035637.0 |
| 008 - DATOS DE LONGITUD FIJA--INFORMACIÓN GENERAL |
| campo de control de longitud fija |
131011s1995 sp a 000 0 spa d |
| 020 ## - NÚMERO INTERNACIONAL ESTÁNDAR DEL LIBRO |
| Número Internacional Estándar del Libro |
8400075331 |
| 040 ## - FUENTE DE LA CATALOGACIÓN |
| Centro catalogador/agencia de origen |
DO-SdBNP |
| Lengua de catalogación |
spa |
| Centro/agencia transcriptor |
BNPHU |
| 082 ## - NÚMERO DE LA CLASIFICACIÓN DECIMAL DEWEY |
| Número de clasificación |
xxxx |
| Número de documento/Ítem |
xxxx |
| 100 1# - ENTRADA PRINCIPAL--NOMBRE DE PERSONA |
| Nombre de persona |
Ibn Baškuwāl, Ḫalaf ibn ʻAbd al-Malik |
| Fechas asociadas al nombre |
1101-1183. |
| 9 (RLIN) |
68315 |
| 245 10 - MENCIÓN DE TÍTULO |
| Título |
Kitab al-qurba ilà Rabb al-'Alamin = (El acercamiento a Dios) / |
| Mención de responsabilidad, etc. |
Ibn Baskuwal ; estudio, edición crítica y traducción, Cristina de la Puente. |
| 246 10 - FORMA VARIANTE DE TÍTULO |
| Título propio/Titulo breve |
El acercamiento a Dios. |
| 260 ## - PUBLICACIÓN, DISTRIBUCIÓN, ETC. |
| Lugar de publicación, distribución, etc. |
Madrid : |
| Nombre del editor, distribuidor, etc. |
Consejo Superior de Investigaciones Científicas, |
| -- |
Agencia Española de Cooperación Internacional, |
| Fecha de publicación, distribución, etc. |
1995. |
| 300 ## - DESCRIPCIÓN FÍSICA |
| Extensión |
378, 165 p. : |
| Otras características físicas |
il. ; |
| Dimensiones |
24 cm. |
| 490 1# - MENCIÓN DE SERIE |
| Mención de serie |
Fuentes arábico-hispanas |
| Designación de volumen o secuencia |
19 |
| 500 ## - NOTA GENERAL |
| Nota general |
Texto en español y en árabe |
| 500 ## - NOTA GENERAL |
| Nota general |
Incluye referencias bibliográficas y notas al pie de las páginas |
| 700 12 - PUNTO DE ACCESO ADICIONAL--NOMBRE DE PERSONA |
| Nombre de persona |
Puente, Cristina de la |
| Término indicativo de función/relación |
ed. |
| 9 (RLIN) |
68316 |
| 830 #0 - PUNTO DE ACCESO ADICIONAL DE SERIE-TÍTULO UNIFORME |
| Título uniforme |
Fuentes arábico-hispanas ; |
| Número de parte o sección de la obra |
19 |
| 9 (RLIN) |
68317 |